000 00742 a2200193 4500
010 _aENG-88952
020 _a8172112270
_c550.00
035 _aEN-72485
037 _bDBAD / PUB
082 1 4 _a338.954
090 _c9694
_d9694
100 1 _aRamachandran, K. S.
245 0 0 _aEconomic environment of India :
_cby K. S. Ramachandran
_blessons from the past and for the future/
260 _aNew Delhi
_bNorthern Book Centre
_c2007
270 _a4221/1, Ansari Road, Daryaganj
_bNew Delhi
_e110 002
_k011-23264519, 011-23271626
_l011-23252651
_mnbcnd@ndb.vsnl.in
300 _ax, 470 p.
_c25cm (Hb.)
942 _adpl
_cEN
_k338.954 / RAM
999 _c9517
_d9517